Schauspieler Quiz V - Statistiken

Allgemein
  • Dieses Quiz wurde 150 mal gespielt
  • Das Durchschnittsergebnis liegt bei 6 aus 16
Antwortstatistiken
Bildquiz Antwort % Korrekt
Angelina Jolie
84%
Morgan Freeman
82%
Julia Roberts
70%
Liam Hemsworth
63%
Gal Gadot
49%
Kristen Stewart
44%
Chadwick Boseman
41%
Mark Hamill
35%
Grace Kelly
31%
Julianne Moore
25%
Sophia Loren
24%
Gene Kelly
21%
Sandra Oh
15%
Ellen Pompeo
14%
Naomi Scott
5%
Natasha Richardson
3%
Keine übereinstimmenden Quizze gefunden
Verteilung der Resultate
Anzahl Personen mit jedem Resultat
Perzentil nach korrekt beantworteten Fragen
Ihre Resultats-Entwicklung
Sie haben dieses Quiz noch nicht gespielt